000 00586nam a22001937a 4500
005 20130903120927.0
010 _aENG-108339
020 _c225.00
_a9789350978061
035 _aEN-91872
037 _bDBAD/PUB
082 _a658.3
100 _aSarma, A.M.
245 _aManaging human resources in global enviroment /
_cby A.M. Sarma
260 _aMumbai
_bHimalaya Publishing House
_c2013
270 _aGirgaon
_bMumbai
_e400004
300 _a259p. :
_c25cm(pbk)
_bill.
500 _aIncludes bibliographical references and index
942 _2ddc
_cEN
_mSAR
_h658.3
999 _c78713
_d78713